000 00854nam a2200205Ia 4500
999 _c44502
_d44502
001 11300
003 GE_BSU
005 20200203101622.0
008 181216s||||||||xx |||||||||||||| ||und||
040 _cGE_BSU
080 _a621.21(479.22)
100 _aბადრიშვილი გ.
_96662
245 _aკარტოფილის კულტურა საქართველოში /
_cგ. ბადრიშვილი; რედ: დ. ნათიშვილი.
264 _aთბ. :
_b ცოდნა,
_c1963
300 _a294 გვ.:
_bილ. ცხრ.;
_c24 სმ.
504 _aბიბლიოგრ: გვ. 291-294
653 _aმეკარტოფილეობა საქართველოში
700 _aნათიშვილი, დ.
_eრედაქტორი
_96663
942 _cBK
_2udc